Jan Karpíšek : vývěr ze sbírek = spring of collections /

Hlavní autor: Karpíšek, Jan, 1981-
Korporativní autor: Galerie Josefa Jambora (Tišnov, Česko)
Další autoři: Kaclerová, Radka, Luetchford, Michael
Jazyk: Čeština
Angličtina
Vydáno: Tišnov : Galerie Josefa Jambora :Jan Karpíšek, 2020
Témata:
Fyzický popis: 38 nečíslovaných stran : ilustrace (převážně barevné) ; 24 cm
Language note: Souběžný anglický text
Knihy
Uloženo v:
LEADER 02417nam a2200577 i 4500
001 nkc20203240540
003 CZ PrNK
005 20201125094553.0
007 ta
008 200730s2020 xr a e c 000 0dcze
020 |a 978-80-270-8169-1  |q (brožováno) 
040 |a OLA001  |b cze  |d ABA001  |e rda 
041 1 |a cze  |a eng  |h cze 
043 |a e-xr--- 
045 |a x9y2 
072 7 |a 72/76  |x Výtvarné umění  |2 Konspekt  |9 21 
080 |a 72/76(437.3)  |2 MRF 
080 |a 7.036/.038  |2 MRF 
080 |a (437.3)  |2 MRF 
080 |a (083.824)  |2 MRF 
100 1 |a Karpíšek, Jan,  |d 1981-  |7 mzk2005269714  |4 art  |4 aut  |4 pbl 
245 1 0 |a Jan Karpíšek :  |b vývěr ze sbírek = spring of collections /  |c autoři textů Radka Kaclerová, Jan Karpíšek, Michael Luetchford 
246 3 0 |a Vývěr ze sbírek 
246 3 0 |a Spring of collections 
264 1 |a Tišnov :  |b Galerie Josefa Jambora :  |b Jan Karpíšek,  |c 2020 
300 |a 38 nečíslovaných stran :  |b ilustrace (převážně barevné) ;  |c 24 cm 
336 |a text  |b txt  |2 rdacontent 
336 |a statický obraz  |b sti  |2 rdacontent 
337 |a bez média  |b n  |2 rdamedia 
338 |a svazek  |b nc  |2 rdacarrier 
500 |a Vydáno ke stejnojmenné výstavě konané ve dnech 8.8.-27.9.2020 v Galerii Josefa Jambora v Tišnově 
500 |a 150 výtisků, z toho 20 s autorizovanou obálkou Jana Karpíška 
500 |a Životopisná data, přehled výstav a zastoupení ve sbírkách 
546 |a Souběžný anglický text 
600 1 7 |a Karpíšek, Jan,  |d 1981-  |7 mzk2005269714  |2 czenas 
648 4 |a 1999-2020 
648 7 |a 20.-21. století  |7 ch462155  |2 czenas 
650 0 7 |a české výtvarné umění  |7 ph116865  |y 20.-21. století  |2 czenas 
650 0 7 |a moderní umění  |7 ph115340  |z Česko  |2 czenas 
650 0 9 |a Czech art  |y 20th-21st centuries  |2 eczenas 
650 0 9 |a modern art  |z Czechia  |2 eczenas 
655 7 |a katalogy výstav  |7 fd132536  |2 czenas 
655 9 |a exhibition catalogs  |2 eczenas 
700 1 |a Kaclerová, Radka  |7 ola20201090200  |4 aut 
700 1 |a Luetchford, Michael  |4 aut 
710 2 |a Galerie Josefa Jambora (Tišnov, Česko)  |7 mzk2018978658  |4 orm  |4 isb 
910 2 |a BOA001  |b 2-1456.059 
990 |a BK 
995 |a 11 
996 6 |b 2610845783  |c 2-1456.059  |l MZK  |r Sklad / do 1 hodiny  |n 0  |p p.v.  |w 001834443  |u 000010  |a 1  |e BOA001  |j MZK50  |s P 
996 7 |b 2610845784  |c 2-1456.059  |l MZK  |r Sklad / do 1 hodiny  |n 0  |p p.v.  |w 001834443  |u 000020  |a 1  |e BOA001  |j MZK50  |s A